[Event "Stockerau-Open 2006 A-Turnier"]
[Site "Stockerau"]
[Date "2006.05.26"]
[Round "3"]
[White "Kirchmayr, Wilhelm"]
[Black "Wiedermann, Daniel"]
[Result "1-0"]
[WhiteElo "1957"]
[BlackElo "2054"]
[PlyCount "65"]
[EventDate "2006.05.26"]

1. Nf3 f5 2. c4 Nf6 3. g3 g6 4. Bg2 Bg7 5. O-O O-O 6. Nc3 d6 7. d3 Nc6 8. Rb1
a5 9. a3 Nh5 10. Qc2 f4 11. b4 axb4 12. axb4 Bg4 13. Nb5 Qd7 14. Bd2 e5 15. Bc3
Bh6 16. Qb3 fxg3 17. hxg3 Ne7 18. Ra1 Nxg3 19. fxg3 Be3+ 20. Kh2 Rxa1 21. Bxa1
Rf5 22. Nh4 Rh5 23. Nxc7 Qxc7 24. c5+ d5 25. Bxd5+ Nxd5 26. Qxd5+ Kg7 27. Rf5
Bd4 28. Bxd4 exd4 29. Rxh5 Bxh5 30. Qxd4+ Kh6 31. Ng2 Qe7 32. g4 Qc7+ 33. Kg1
1-0

[Event "Stockerau-Open 2006 A-Turnier"]
[Site "Stockerau"]
[Date "2006.05.26"]
[Round "3"]
[White "Reinwald, Patrick"]
[Black "Rabl, Gerhard"]
[Result "0-1"]
[WhiteElo "1930"]
[BlackElo "1848"]
[PlyCount "100"]
[EventDate "2006.05.26"]

1. e4 c6 2. d4 d5 3. e5 Bf5 4. Ne2 e6 5. Ng3 Bg6 6. h4 h6 7. h5 Bh7 8. Bd3 Bxd3
9. Qxd3 a6 10. f4 c5 11. c3 cxd4 12. cxd4 Bb4+ 13. Nc3 Ne7 14. O-O g6 15. Bd2
Nf5 16. hxg6 fxg6 17. Nxf5 gxf5 18. Qg3 Kf7 19. a3 Be7 20. Ne2 Nc6 21. b4 Qb6
22. Kh1 Rag8 23. Qf3 Rg4 24. Be3 Rhg8 25. Nc3 Qd8 26. Qe2 R8g6 27. Rf3 Qg8 28.
Rg1 Bh4 29. Rh3 Bg3 30. Qd2 Qd8 31. Ne2 Bh4 32. g3 Be7 33. Nc3 b5 34. Nd1 Qg8
35. Qh2 Rg7 36. Nf2 R4g6 37. Kg2 Rh7 38. Kf3 a5 39. g4 axb4 40. axb4 Nxb4 41.
gxf5 Rxg1 42. fxe6+ Kxe6 43. Rxh6+ Rxh6 44. Qxh6+ Kd7 45. Qh3+ Kc7 46. f5 Nc2
47. Ng4 Qxg4+ 48. Qxg4 Rxg4 49. Kxg4 Nxe3+ 50. Kf4 Nxf5 0-1

[Event "Stockerau-Open 2006 A-Turnier"]
[Site "Stockerau"]
[Date "2006.05.26"]
[Round "3"]
[White "Wetzenkircher, Markus"]
[Black "Stanivukovic, Drago"]
[Result "1-0"]
[WhiteElo "1817"]
[BlackElo "1960"]
[PlyCount "60"]
[EventDate "2006.05.26"]

1. e4 a5 2. d4 c5 3. Nf3 cxd4 4. Nxd4 e5 5. Nb5 Nf6 6. Bc4 Nc6 7. O-O Bc5 8.
Be3 Be7 9. N1c3 O-O 10. Na4 d6 11. Bb6 Qd7 12. Qe2 Ne8 13. Rad1 Qg4 14. f3 Qh5
15. Nc7 Nxc7 16. Bxc7 Nd4 17. Qd3 b5 18. Bxb5 Nxb5 19. Qxb5 Ba6 20. Qd7 Bxf1
21. Kxf1 Bg5 22. Nb6 Qxh2 23. Qg4 Be3 24. Nxa8 Qg1+ 25. Ke2 Qf2+ 26. Kd3 Rxa8
27. Bxa5 Bc5 28. c3 Qxb2 29. Bc7 Qb5+ 30. c4 Ra3+ 1-0

[Event "Stockerau-Open 2006 A-Turnier"]
[Site "Stockerau"]
[Date "2006.05.26"]
[Round "3"]
[White "Rauch, Christian"]
[Black "Robitsch, Hermann"]
[Result "1/2-1/2"]
[WhiteElo "1864"]
[BlackElo "1938"]
[PlyCount "40"]
[EventDate "2006.05.26"]

1. d4 d5 2. Nf3 e6 3. e3 c5 4. c3 Nf6 5. Bd3 Nc6 6. Nbd2 Bd6 7. O-O e5 8. dxe5
Nxe5 9. Nxe5 Bxe5 10. Nf3 Bc7 11. Re1 O-O 12. h3 h6 13. b3 Re8 14. Bb2 Ne4 15.
c4 dxc4 16. Bxc4 Ng5 17. Nxg5 Qxg5 18. Qd5 Qe7 19. Ba3 Bb6 20. Qf3 Rb8 1/2-1/2

[Event "Stockerau-Open 2006 A-Turnier"]
[Site "Stockerau"]
[Date "2006.05.26"]
[Round "3"]
[White "Leupold, Christian"]
[Black "Schindler, Gerhard"]
[Result "1-0"]
[WhiteElo "1838"]
[BlackElo "1827"]
[PlyCount "55"]
[EventDate "2006.05.26"]

1. Nf3 Nf6 2. c4 d6 3. g3 e5 4. Bg2 Nbd7 5. O-O g6 6. b4 Bg7 7. Bb2 O-O 8. d3
a5 9. a3 axb4 10. axb4 Rxa1 11. Bxa1 Re8 12. Nbd2 c6 13. Qc2 Qc7 14. Rc1 b6 15.
b5 c5 16. Ng5 h6 17. Nge4 Bb7 18. Nxd6 Qxd6 19. Bxb7 Nf8 20. Nf3 h5 21. Bc3 Ng4
22. h3 Nh6 23. Ra1 Ne6 24. Ra7 Nd4 25. Qd2 Kh7 26. Bd5 Re7 27. Ra8 Nhf5 28.
Ng5+ 1-0

[Event "Stockerau-Open 2006 A-Turnier"]
[Site "Stockerau"]
[Date "2006.05.27"]
[Round "4"]
[White "Sadilek, Maximilian"]
[Black "Groetz, Harald"]
[Result "1-0"]
[WhiteElo "2130"]
[BlackElo "2322"]
[PlyCount "85"]
[EventDate "2006.05.25"]

1. d4 Nf6 2. Nf3 g6 3. c4 Bg7 4. Nc3 O-O 5. e4 d6 6. h3 e5 7. d5 Na6 8. Bg5 h6
9. Be3 Nc5 10. Nd2 a5 11. g4 c6 12. Be2 Bd7 13. h4 Qc8 14. Rg1 a4 15. g5 hxg5
16. hxg5 Nh7 17. Bxc5 dxc5 18. Nxa4 Rxa4 19. Qxa4 cxd5 20. Qb3 d4 21. O-O-O Re8
22. Rg3 Nf8 23. Kb1 Ne6 24. Bg4 Bc6 25. Qb6 Bf8 26. Ra3 Qb8 27. Bxe6 Rxe6 28.
Qa7 Qd8 29. Rg3 Qc7 30. Qa3 Re8 31. Qf3 Bg7 32. Rh1 Bd7 33. Qa3 b6 34. Qd3 Ra8
35. a3 Qb7 36. Rg2 b5 37. Rgh2 b4 38. axb4 Qxb4 39. Rh7 Rb8 40. b3 Qa3 41. Qg3
Re8 42. Rxg7+ Kxg7 43. Qh4 1-0

[Event "Stockerau-Open 2006 A-Turnier"]
[Site "Stockerau"]
[Date "2006.05.27"]
[Round "4"]
[White "Giessmann, Andreas"]
[Black "Schirmbeck, Hannes"]
[Result "0-1"]
[WhiteElo "2028"]
[BlackElo "2106"]
[PlyCount "92"]
[EventDate "2006.05.25"]

1. Nf3 Nf6 2. c4 e6 3. g3 d5 4. Bg2 Be7 5. O-O O-O 6. b3 c5 7. e3 Nc6 8. d4 Qb6
9. cxd5 exd5 10. dxc5 Qxc5 11. Bb2 Bg4 12. Nc3 Rad8 13. Ne2 Ne4 14. Nfd4 Ng5
15. Rc1 Qb6 16. Nxc6 bxc6 17. Qd4 Qxd4 18. Nxd4 Bf6 19. Ba3 Rfe8 20. Nxc6 Rd7
21. Rc5 Nf3+ 22. Kh1 Nd2 23. Rfc1 Ne4 24. Bxe4 dxe4 25. R5c2 h5 26. h4 Bd1 27.
Rc4 Rd2 28. Bc5 Bf3+ 29. Kg1 Rxa2 30. Bxa7 Re6 31. Bd4 Bxh4 32. Ne5 Bxg3 33.
fxg3 Rg2+ 34. Kh1 Rxg3+ 35. Nxf3 exf3 36. R4c2 g5 37. Rc8+ Kh7 38. Rh8+ Kg6 39.
Rg8+ Kf5 40. Ba7 Ra6 41. e4+ Kxe4 42. Re8+ Kf5 43. Bb8 Rh3+ 44. Kg1 f6 45. Rec8
g4 46. R8c2 Rb6 0-1

[Event "Stockerau-Open 2006 A-Turnier"]
[Site "Stockerau"]
[Date "2006.05.27"]
[Round "4"]
[White "Rabl, Gerhard"]
[Black "Amberger, Dieter"]
[Result "0-1"]
[WhiteElo "1848"]
[BlackElo "1972"]
[PlyCount "148"]
[EventDate "2006.05.25"]

1. d4 Nf6 2. c4 e5 3. dxe5 Ng4 4. Bf4 Nc6 5. Nf3 Bb4+ 6. Nbd2 Qe7 7. e3 Ngxe5
8. Be2 a5 9. O-O d6 10. a3 Bc5 11. Nb3 Bb6 12. Nbd4 Bd7 13. Nxc6 Bxc6 14. Nd4
Bd7 15. b4 O-O 16. Qd2 Rfe8 17. Rfd1 h6 18. c5 dxc5 19. bxc5 Bxc5 20. Bxe5 Qxe5
21. Nf3 Qd6 22. Qb2 Qe7 23. Qxb7 Ba4 24. Rd3 Bc2 25. Rc3 Be4 26. Qb5 Bb6 27.
Rd1 Rad8 28. Rxd8 Rxd8 29. h3 Rd5 30. Qb3 Qd7 31. a4 Qd6 32. Rc1 Qf6 33. Rd1
Rxd1+ 34. Qxd1 Qc3 35. Kh2 Qc2 36. Qd7 Qc6 37. Qd8+ Kh7 38. Bb5 Qd5 39. Qxd5
Bxd5 40. Nd4 Kg6 41. Ne2 Kf6 42. Nc3 Bb7 43. Bc4 c6 44. Kg3 Ke7 45. Kf4 Bc8 46.
f3 g5+ 47. Ke4 f5+ 48. Kd3 Kd6 49. e4 Ke5 50. Ne2 fxe4+ 51. fxe4 g4 52. hxg4
Bxg4 53. Nc3 Bd4 54. Ne2 Bc5 55. Ba6 Bf2 56. Bb7 Bd7 57. Nc3 Bd4 58. Ne2 c5 59.
Ng3 Bxa4 60. Nf5 Bb5+ 61. Kc2 h5 62. Ng3 h4 63. Nf5 Bf2 64. Bd5 Bf1 65. Kb3
Bxg2 66. Nxh4 Bxh4 67. Ka4 Be1 68. Kb5 Bb4 69. Ka4 Bxe4 70. Bc4 Kd4 71. Be6 Bd5
72. Bf5 c4 73. Kb5 c3 74. Bc2 Be4 0-1

[Event "Stockerau-Open 2006 A-Turnier"]
[Site "Stockerau"]
[Date "2006.05.27"]
[Round "4"]
[White "Lahofer, Christian"]
[Black "Kirchmayr, Wilhelm"]
[Result "0-1"]
[WhiteElo "1799"]
[BlackElo "1957"]
[PlyCount "52"]
[EventDate "2006.05.25"]

1. d4 e6 2. c4 Nf6 3. Nc3 Bb4 4. Nf3 b6 5. a3 Bxc3+ 6. bxc3 Ne4 7. Qc2 f5 8.
Nd2 Bb7 9. Nxe4 Bxe4 10. Qd1 Bb7 11. d5 Qf6 12. Bb2 O-O 13. Qd2 Na6 14. O-O-O
Nc5 15. Qc2 Qh4 16. e3 f4 17. g3 fxg3 18. Rd4 Qh6 19. fxg3 Qxe3+ 20. Kb1 Rf2
21. Qc1 Qxc1+ 22. Bxc1 e5 23. Rd2 Rxd2 24. Bxd2 Ne4 25. Be1 Ba6 26. Bg2 Nc5 0-1

[Event "Stockerau-Open 2006 A-Turnier"]
[Site "Stockerau"]
[Date "2006.05.27"]
[Round "4"]
[White "Weinzettl, Ernst"]
[Black "Hofbauer, Peter"]
[Result "1-0"]
[WhiteElo "2319"]
[BlackElo "2042"]
[PlyCount "77"]
[EventDate "2006.05.25"]

1. e4 Nf6 2. Nc3 d5 3. e5 d4 4. Nce2 Ng8 5. Ng3 Nc6 6. f4 Qd5 7. c4 dxc3 8.
bxc3 Nh6 9. Qb3 Qxb3 10. axb3 e6 11. Bd3 Bd7 12. Nf3 a6 13. Be4 Rb8 14. Nh5 Ne7
15. h3 Bc6 16. Bxc6+ Nxc6 17. g4 Ne7 18. d4 Nd5 19. Bd2 Ng8 20. c4 Nde7 21. O-O
g6 22. Ng3 Nc6 23. d5 Bc5+ 24. Kg2 Nd4 25. Nxd4 Bxd4 26. Rad1 exd5 27. cxd5 Rd8
28. Ba5 Rxd5 29. Bxc7 Rd7 30. Bd6 Bb6 31. e6 fxe6 32. Be5 Rxd1 33. Rxd1 Nf6 34.
Bxf6 Rf8 35. Ne4 Bc7 36. g5 Bxf4 37. Rd8+ Kf7 38. Rd7+ Ke8 39. Nc5 1-0

[Event "Stockerau-Open 2006 A-Turnier"]
[Site "Stockerau"]
[Date "2006.05.27"]
[Round "4"]
[White "Schindler, Gerhard"]
[Black "Robitsch, Hermann"]
[Result "1/2-1/2"]
[WhiteElo "1827"]
[BlackElo "1938"]
[PlyCount "41"]
[EventDate "2006.05.25"]

1. d4 e6 2. Nf3 c5 3. c3 d5 4. Bf4 Nc6 5. e3 Nf6 6. Nbd2 cxd4 7. exd4 Bd6 8.
Bxd6 Qxd6 9. Bd3 O-O 10. Qe2 Ne7 11. Ne5 Ng6 12. Nxg6 hxg6 13. Nf3 Re8 14. O-O
Bd7 15. Ne5 Bc6 16. Qe3 Nd7 17. Rfe1 Nxe5 18. Qxe5 Qxe5 19. Rxe5 f6 20. Re3 g5
21. Rae1 1/2-1/2

[Event "Stockerau-Open 2006 A-Turnier"]
[Site "Stockerau"]
[Date "2006.05.27"]
[Round "4"]
[White "Reichhardt, Jakob"]
[Black "Wetzenkircher, Markus"]
[Result "1-0"]
[WhiteElo "1670"]
[BlackElo "1817"]
[PlyCount "113"]
[EventDate "2006.05.25"]

1. e4 d5 2. exd5 Nf6 3. c4 e6 4. dxe6 Bxe6 5. Nf3 Nc6 6. Nc3 Bc5 7. a3 a5 8.
Be2 O-O 9. O-O Nd4 10. Nxd4 Bxd4 11. Nb5 Bb6 12. d4 c6 13. d5 cxd5 14. cxd5
Nxd5 15. Bf3 Qd7 16. Nd4 Rad8 17. Nxe6 Qxe6 18. Qb3 Rfe8 19. Bd2 Nf4 20. Qxe6
Nxe6 21. Bc3 Nc5 22. Rad1 Bc7 23. b4 Na4 24. Ba1 axb4 25. axb4 Rxd1 26. Rxd1
Kf8 27. Bxb7 Rb8 28. Be4 Rxb4 29. Bc2 Rc4 30. Bd3 Nc3 31. Bxc4 Nxd1 32. Be2
Nxf2 33. Kxf2 f6 34. h3 Kf7 35. Bd3 h5 36. Bd4 g5 37. Bf5 Bd6 38. Kf3 Bf4 39.
Ke4 Bg3 40. Bc8 Kg6 41. Bf5+ Kf7 42. Bd7 Ke7 43. Bb5 g4 44. hxg4 hxg4 45. Kf5
Bh4 46. Kxg4 Bg5 47. Kf5 Bh4 48. Be3 Kf7 49. Bc4+ Kg7 50. Bc5 Bg3 51. Bd4 Bh4
52. Be6 Bg5 53. g3 Bd2 54. Bxf6+ Kf8 55. Bc4 Bb4 56. Ke4 Bd2 57. g4 1-0

[Event "Stockerau-Open 2006 A-Turnier"]
[Site "Stockerau"]
[Date "2006.05.28"]
[Round "5"]
[White "Zetthofer, Gerald"]
[Black "Sadilek, Maximilian"]
[Result "1-0"]
[WhiteElo "2255"]
[BlackElo "2130"]
[PlyCount "83"]
[EventDate "2006.05.25"]

1. d4 d5 2. c4 e5 3. dxe5 d4 4. Nf3 Nc6 5. a3 Bg4 6. Nbd2 Qe7 7. h3 Bh5 8. g4
Bg6 9. Bg2 h5 10. Nb3 O-O-O 11. Bf4 hxg4 12. hxg4 Rxh1+ 13. Bxh1 Qe6 14. Nbxd4
Nxd4 15. Nxd4 Qxg4 16. e3 Qg1+ 17. Ke2 Bh5+ 18. f3 Qg6 19. Qb1 Ne7 20. Bh2 Qa6
21. b3 Qh6 22. Bg3 Bg6 23. Qg1 c5 24. Bf4 Qh7 25. Nb5 Bd3+ 26. Kf2 Ng6 27. Qg4+
Kb8 28. e6+ Ka8 29. Nc7+ Kb8 30. Nd5+ Ka8 31. exf7 Nxf4 32. Qxf4 Rd6 33. Bg2 g5
34. Qg4 Kb8 35. Bh3 Rd8 36. Qg3+ Rd6 37. Qg4 Rd8 38. Qxg5 Rd6 39. Qg4 Rd8 40.
Rd1 a6 41. e4 Bc2 42. Nf6 1-0

[Event "Stockerau-Open 2006 A-Turnier"]
[Site "Stockerau"]
[Date "2006.05.28"]
[Round "5"]
[White "Schirmbeck, Hannes"]
[Black "Amberger, Dieter"]
[Result "1/2-1/2"]
[WhiteElo "2106"]
[BlackElo "1972"]
[PlyCount "97"]
[EventDate "2006.05.25"]

1. Nf3 c5 2. g3 Nf6 3. Bg2 g6 4. O-O Nc6 5. c4 Bg7 6. Nc3 d5 7. d4 dxc4 8. d5
Nb4 9. Ne5 Nfxd5 10. Nxf7 Kxf7 11. Nxd5 Be6 12. e4 Re8 13. Qf3+ Kg8 14. Nf4 Bd7
15. Qe2 b5 16. e5 Rb8 17. Rd1 Qc8 18. a3 Nd3 19. Nxd3 cxd3 20. Qxd3 Bf5 21. Qe2
Rd8 22. Bg5 Rxd1+ 23. Rxd1 Qc7 24. g4 Bc8 25. f4 a6 26. Bd5+ e6 27. Be4 Bf8 28.
Qf3 Bb7 29. Bxb7 Qxb7 30. Qxb7 Rxb7 31. Rd8 Kf7 32. Kf2 c4 33. Ke2 h6 34. Bf6
Bg7 35. g5 hxg5 36. fxg5 Bxf6 37. gxf6 g5 38. Kf3 b4 39. Ke4 c3 40. bxc3 bxa3
41. Rd4 Rc7 42. Ra4 Rxc3 43. Rxa6 Rc4+ 44. Kf3 Rh4 45. Kg3 Re4 46. Ra7+ Kf8 47.
Rxa3 Rxe5 48. Ra7 Re4 49. Rg7 1/2-1/2

[Event "Stockerau-Open 2006 A-Turnier"]
[Site "Stockerau"]
[Date "2006.05.28"]
[Round "5"]
[White "Kirchmayr, Wilhelm"]
[Black "Hangweyrer, Manfred"]
[Result "0-1"]
[WhiteElo "1957"]
[BlackElo "2356"]
[PlyCount "68"]
[EventDate "2006.05.25"]

1. Nf3 d5 2. b3 c5 3. e3 a6 4. Bb2 Nc6 5. d4 Nf6 6. Be2 cxd4 7. exd4 Bf5 8. O-O
e6 9. Ne5 Rc8 10. Bd3 Bxd3 11. Nxd3 Bd6 12. Nd2 O-O 13. c3 Qc7 14. g3 Rfd8 15.
Rc1 e5 16. dxe5 Nxe5 17. Nf3 Nxf3+ 18. Qxf3 Ne4 19. c4 Qd7 20. Rfd1 Ng5 21.
Qxd5 Qg4 22. Qxb7 Qe2 23. Kg2 Rb8 24. Qc6 Bf8 25. Be5 Rbc8 26. Qb7 Rxd3 27.
Rxd3 Qxd3 28. Qxc8 Qe4+ 29. Kg1 Nf3+ 30. Kf1 Nxh2+ 31. Kg1 Nf3+ 32. Kf1 Nxe5
33. Re1 Qh1+ 34. Ke2 Qf3+ 0-1

[Event "Stockerau-Open 2006 A-Turnier"]
[Site "Stockerau"]
[Date "2006.05.28"]
[Round "5"]
[White "Groetz, Harald"]
[Black "Weinzettl, Ernst"]
[Result "1/2-1/2"]
[WhiteElo "2322"]
[BlackElo "2319"]
[PlyCount "109"]
[EventDate "2006.05.25"]

1. e4 c5 2. Nf3 Nc6 3. d4 cxd4 4. Nxd4 e5 5. Nb5 d6 6. c4 Be7 7. N1c3 a6 8. Na3
f5 9. exf5 Bxf5 10. Bd3 Be6 11. Qh5+ Bf7 12. Qh3 Nf6 13. O-O Nd4 14. f4 Be6 15.
f5 Bf7 16. Be3 O-O 17. Nd5 Nxd5 18. cxd5 Bf6 19. Be4 Rc8 20. Rad1 Qb6 21. Rf2
Qb4 22. g4 Ne2+ 23. Rxe2 Qxe4 24. Qg2 Qxg2+ 25. Kxg2 b5 26. b3 h6 27. Kf3 Kh7
28. Ke4 g6 29. Rg2 Bg5 30. Bxg5 hxg5 31. f6 Rc5 32. Nc2 Rfc8 33. Ne1 Rc1 34.
Rgd2 a5 35. Nf3 Kh6 36. Rxc1 Rxc1 37. Rd3 a4 38. bxa4 bxa4 39. Ra3 Rc4+ 40. Ke3
Bxd5 41. Nd2 Rxg4 42. Rd3 Rd4 43. Rxd4 exd4+ 44. Kxd4 Bxa2 45. Ne4 Be6 46. Nxd6
a3 47. Kc3 a2 48. Kb2 g4 49. Ne4 g5 50. Nc5 Bf7 51. Nd3 Kg6 52. Ne5+ Kxf6 53.
Nxg4+ Kg6 54. Nf2 Be6 55. Ne4 1/2-1/2

[Event "Stockerau-Open 2006 A-Turnier"]
[Site "Stockerau"]
[Date "2006.05.28"]
[Round "5"]
[White "Schmid, Thomas"]
[Black "Stanivukovic, Drago"]
[Result "1-0"]
[WhiteElo "2121"]
[BlackElo "1960"]
[PlyCount "95"]
[EventDate "2006.05.25"]

1. e4 c5 2. Nf3 g6 3. c3 d5 4. exd5 Qxd5 5. d4 Nc6 6. dxc5 Qxd1+ 7. Kxd1 Bg4 8.
Be2 O-O-O+ 9. Ke1 e5 10. Ng5 Bxe2 11. Kxe2 Nh6 12. Be3 Be7 13. b4 Rd7 14. Na3
f5 15. h4 f4 16. Bd2 Nf5 17. Nc4 h6 18. Ne4 Re8 19. g4 fxg3 20. fxg3 Kc7 21.
Rhd1 b5 22. cxb6+ axb6 23. a4 Bxb4 24. Nf6 Nxg3+ 25. Kf2 Rf8 26. Kxg3 Rd3+ 27.
Be3 Rxd1 28. Rxd1 Rxf6 29. Bxb6+ Kb7 30. cxb4 Nxb4 31. a5 Nc6 32. Nd6+ Ka6 33.
Ne4 Rf4 34. Nc5+ Kb5 35. Rb1+ Kc4 36. a6 Nd4 37. a7 Rf3+ 38. Kg2 Ra3 39. Nb7
Ra2+ 40. Kh3 Ra3+ 41. Kg2 Ra2+ 42. Kf1 Ra6 43. Na5+ Kd3 44. Kf2 Ke4 45. Rb4 Kd5
46. Rc4 Nb3 47. Rc8 Nxa5 48. Rc5+ 1-0

[Event "Stockerau-Open 2006 A-Turnier"]
[Site "Stockerau"]
[Date "2006.05.28"]
[Round "5"]
[White "Robitsch, Hermann"]
[Black "Wiedermann, Daniel"]
[Result "0-1"]
[WhiteElo "1938"]
[BlackElo "2054"]
[PlyCount "76"]
[EventDate "2006.05.25"]

1. e4 g6 2. d4 Bg7 3. Nc3 d6 4. Be2 Nf6 5. h4 c5 6. dxc5 Qa5 7. Kf1 Qxc5 8. Nh3
h5 9. Nf4 Ng4 10. Nd3 Qa5 11. Bd2 Nc6 12. Nd5 Qd8 13. c3 Bd7 14. Ne3 Nce5 15.
Nxe5 Nxe5 16. f4 Nc6 17. g3 Qb6 18. Nd5 Qd8 19. Ne3 Nb8 20. Qb3 Bc6 21. Bb5 Nd7
22. Bxc6 bxc6 23. Rd1 Qb6 24. Qc2 Qa6+ 25. Kg2 Qe2+ 26. Kh3 Nf6 27. Rde1 Qf3
28. Ng2 Qg4+ 29. Kh2 Qe6 30. Rhf1 Qxa2 31. f5 O-O 32. Ne3 Rab8 33. Bc1 Bh6 34.
fxg6 Bxe3 35. Rxf6 Bxc1 36. gxf7+ Kg7 37. Rg6+ Kxg6 38. e5+ Kg7 0-1

[Event "Stockerau-Open 2006 A-Turnier"]
[Site "Stockerau"]
[Date "2006.05.28"]
[Round "5"]
[White "Hofbauer, Peter"]
[Black "Leupold, Christian"]
[Result "1/2-1/2"]
[WhiteElo "2042"]
[BlackElo "1838"]
[PlyCount "77"]
[EventDate "2006.05.25"]

1. e4 d5 2. exd5 Qxd5 3. d4 e5 4. Nf3 exd4 5. Nxd4 Nc6 6. Be3 Bb4+ 7. c3 Be7 8.
Nd2 Nxd4 9. Bxd4 Nf6 10. Nf3 O-O 11. Be2 Re8 12. O-O c5 13. Be3 Qxd1 14. Raxd1
a6 15. h3 Be6 16. c4 Rad8 17. Ng5 Bf5 18. Rxd8 Rxd8 19. Rd1 Rxd1+ 20. Bxd1 b5
21. cxb5 axb5 22. Nf3 Nd5 23. Bc1 h6 24. a3 Bf6 25. Ne1 g5 26. Bf3 Nc7 27. b3
Be6 28. Bd1 c4 29. bxc4 Bxc4 30. Bd2 Nd5 31. Nf3 Bb2 32. a4 Nc3 33. Bxc3 Bxc3
34. axb5 Bxb5 35. Nh2 Kg7 36. Ng4 Bd7 37. Ne3 Bd4 38. Bg4 Bxe3 39. Bxd7 1/2-1/2

[Event "Stockerau-Open 2006 A-Turnier"]
[Site "Stockerau"]
[Date "2006.05.28"]
[Round "5"]
[White "Rauch, Christian"]
[Black "Lahofer, Christian"]
[Result "1-0"]
[WhiteElo "1864"]
[BlackElo "1799"]
[PlyCount "31"]
[EventDate "2006.05.25"]

1. d4 d5 2. Nf3 Nf6 3. e3 e6 4. Bd3 c5 5. c3 Nc6 6. Nbd2 Bd6 7. O-O O-O 8. Re1
b6 9. e4 dxe4 10. Nxe4 Nxe4 11. Bxe4 Bb7 12. Bxh7+ Kxh7 13. Ng5+ Kg6 14. Qg4
Bxh2+ 15. Kxh2 Rh8+ 16. Kg1 1-0

[Event "Stockerau-Open 2006 A-Turnier"]
[Site "Stockerau"]
[Date "2006.05.28"]
[Round "5"]
[White "Seidler, Dieter"]
[Black "Schindler, Gerhard"]
[Result "1-0"]
[WhiteElo "1990"]
[BlackElo "1827"]
[PlyCount "70"]
[EventDate "2006.05.25"]

1. d4 Nf6 2. Nf3 d5 3. c4 c6 4. Nc3 e6 5. a3 Be7 6. e3 Nbd7 7. Bd2 O-O 8. Qc2
b6 9. cxd5 exd5 10. Bd3 Bb7 11. O-O c5 12. Rac1 Rc8 13. Ne5 cxd4 14. exd4 Ne4
15. Nxd7 Qxd7 16. Rfd1 h6 17. f3 Nf6 18. Bf5 Qc7 19. Bxc8 Rxc8 20. Qf5 Qd8 21.
Bf4 Bc6 22. Nb5 Bd7 23. Qd3 a6 24. Rxc8 Qxc8 25. Rc1 Qa8 26. Nc7 Qb8 27. Nxd5
Bd6 28. Nxf6+ gxf6 29. Bxd6 Qxd6 30. d5 Qe5 31. Qd2 Kg7 32. d6 Bb5 33. Rc7 Qf5
34. d7 Qb1+ 35. Rc1 Qxc1+ 1-0

[Event "Stockerau-Open 2006 A-Turnier"]
[Site "Stockerau"]
[Date "2006.05.28"]
[Round "5"]
[White "Wetzenkircher, Markus"]
[Black "Reinwald, Patrick"]
[Result "1/2-1/2"]
[WhiteElo "1817"]
[BlackElo "1930"]
[PlyCount "64"]
[EventDate "2006.05.25"]

1. e4 e5 2. Nf3 Nc6 3. Nc3 Nf6 4. d4 exd4 5. Nd5 Be7 6. Nxd4 Nxd5 7. exd5 Nxd4
8. Qxd4 O-O 9. Be2 Bf6 10. Qd3 d6 11. O-O c5 12. c3 a6 13. a4 b6 14. Bf4 Re8
15. Bg3 Bf5 16. Qd2 Bg5 17. f4 Bh4 18. Bf3 Bxg3 19. hxg3 Be4 20. Rae1 Bxf3 21.
gxf3 Qd7 22. b3 Rxe1 23. Rxe1 Re8 24. Kg2 g6 25. Re4 f5 26. Re3 Kf7 27. Qe2
Rxe3 28. Qxe3 Qe8 29. Qxe8+ Kxe8 30. g4 fxg4 31. fxg4 h6 32. g5 h5 1/2-1/2